Catálogo
 En Linea

Poesía reunida / (Registro nro. 51052)

Detalles MARC
000 -CABECERA
campo de control de longitud fija 01494nam a22002657a 4500
003 - IDENTIFICADOR DEL NÚMERO DE CONTROL
campo de control DO-SdBNP
005 - FECHA Y HORA DE LA ÚLTIMA TRANSACCIÓN
campo de control 20240301073829.0
007 - CAMPO FIJO DE DESCRIPCIÓN FÍSICA--INFORMACIÓN GENERAL
campo de control de longitud fija ta
008 - DATOS DE LONGITUD FIJA--INFORMACIÓN GENERAL
campo de control de longitud fija 211126b2019 dr ||||| |||| 00| p spa d
020 ## - NÚMERO INTERNACIONAL ESTÁNDAR DEL LIBRO
Número Internacional Estándar del Libro 9789945614381
040 ## - FUENTE DE LA CATALOGACIÓN
Centro catalogador/agencia de origen DO-SdBNP
Lengua de catalogación spa
Centro/agencia transcriptor BNPHU
082 #4 - NÚMERO DE LA CLASIFICACIÓN DECIMAL DEWEY
Número de clasificación RD861.44
Número de documento/Ítem D725p
Número de edición 22
100 1# - ENTRADA PRINCIPAL--NOMBRE DE PERSONA
Nombre de persona Dotel Matos, Héctor
9 (RLIN) 1202
245 10 - MENCIÓN DE TÍTULO
Título Poesía reunida /
Mención de responsabilidad, etc. Héctor Bienvenido Dotel Matos ; prólogos Tony Raful.
260 ## - PUBLICACIÓN, DISTRIBUCIÓN, ETC.
Lugar de publicación, distribución, etc. Santo Domingo :
Nombre del editor, distribuidor, etc. Santuario,
Fecha de publicación, distribución, etc. 2019.
300 ## - DESCRIPCIÓN FÍSICA
Extensión 66 p. ;
Dimensiones 23 cm.
500 ## - NOTA GENERAL
Nota general Incluye datos biográficos del autor en las solapas.
505 0# - NOTA DE CONTENIDO CON FORMATO
Nota de contenido con formato Octavillas para preludiar los cantos de Dotel / Tony Raful -- Héctor Dotel reune su poesía -- Los huerfanos de Dios -- Vetustas cenizas -- Luz misteriosa -- Vientos y presagios -- Se fueron sin mitigar -- Silencio -- País sin parentesis -- Solo con la vida -- Frustración -- Cúmulo de lejanía -- Lágrimas para entonces -- Fraterno a Jacques -- Golpe a media asta -- Palabra sin color -- Rara vocación -- Señal -- Invierno -- Imprecaciones -- Recogiendo cenizas -- Canto posterior -- Tuvo que ser -- Ensueños y palabras --Toques entrecortados -- Recuerdos y lágrimas -- También congojas -- Intimidades silenciosas -- Luz apagada -- Patria de Febrero.
590 ## - NOTA LOCAL (RLIN)
Nota local Inventariado, 2021 /LP<br/><br/>
650 #4 - PUNTO DE ACCESO ADICIONAL DE MATERIA--TÉRMINO DE MATERIA
Término de materia o nombre geográfico como elemento de entrada Poesía dominicana
650 #4 - PUNTO DE ACCESO ADICIONAL DE MATERIA--TÉRMINO DE MATERIA
Término de materia o nombre geográfico como elemento de entrada Literatura dominicana
700 1# - PUNTO DE ACCESO ADICIONAL--NOMBRE DE PERSONA
Nombre de persona Raful, Tony,
Fechas asociadas al nombre 1951-
Término indicativo de función/relación pról.
9 (RLIN) 1377
910 ## - DATOS DE OPCIÓN DEL USUARIO (OCLC)
Datos de opción del usuario Lopérez./Validado. Control de calidad MFF
942 ## - ELEMENTOS DE PUNTO DE ACCESO ADICIONAL (KOHA)
Fuente del sistema de clasificación o colocación Dewey Decimal Classification
Tipo de ítem Koha Libro
Existencias
Estado de retiro Estado de pérdida Fuente del sistema de clasificación o colocación Restricciones de uso No para préstamo Código de colección Localización permanente Ubicación/localización actual Ubicación en estantería Fecha de adquisición Fuente de adquisición Signatura topográfica completa Código de barras Fecha visto por última vez Precio válido a partir de Tipo de ítem Koha Número de copia
    Dewey Decimal Classification Excluido de préstamo   Patrimonio Dominicano Biblioteca Nacional Pedro Henríquez Ureña Biblioteca Nacional Pedro Henríquez Ureña Depósito 26.11.2021 Depósito Legal BNPHU PD RD861.44 D725p 2021-28369 26.11.2021 26.11.2021 Libro  
    Dewey Decimal Classification Excluido de préstamo   Patrimonio Dominicano Biblioteca Nacional Pedro Henríquez Ureña Biblioteca Nacional Pedro Henríquez Ureña Depósito 26.11.2021 Depósito Legal BNPHU PD RD861.44 D725p 2021-28370 26.11.2021 26.11.2021 Libro e.2
    Dewey Decimal Classification Préstamo en sala   Dominicana de Servicio Biblioteca Nacional Pedro Henríquez Ureña Biblioteca Nacional Pedro Henríquez Ureña Depósito 26.11.2021 Depósito Legal BNPHU DS RD861.44 D725p 2021-28371 26.11.2021 26.11.2021 Libro e.3

Con tecnología Koha